All WWE European Champions - Statistics

General Stats
  • This quiz has been taken 129 times
  • The average score is 28 of 37
Answer Stats
Hint Answer % Correct
1997 1 Shawn Michaels
97%
1997 1 Triple H
94%
1998 2 Triple H
94%
2002 1 Jeff Hardy
89%
2001 1 Matt Hardy
89%
2001 1 Christian
87%
2002 1 Rob Van Dam
87%
2000 1 Kurt Angle
85%
2000 1 Chris Jericho
84%
1997 1 The British Bulldog
84%
1999 2 The British Bulldog
84%
2000 1 William Regal
84%
2000 2 William Regal
84%
2002 3 William Regal
84%
2002 4 William Regal
84%
1998 1 D'Lo Brown
81%
1998 2 D'Lo Brown
81%
1999 3 D'Lo Brown
81%
1999 4 D'Lo Brown
81%
2000 1 Eddie Guerrero
81%
2001 2 Eddie Guerrero
81%
1998 1 Owen Hart
77%
1998 1 X Pac
77%
1998 2 X Pac
77%
1999 1 Jeff Jarrett
76%
1999 1 Mark Henry
76%
2001 1 Test
76%
1999 1 Shane McMahon
71%
2002 1 Spike Dudley
71%
1999 1 Val Venis
69%
2000 1 Al Snow
63%
2000 1 Crash Holly
60%
2000 1 Perry Saturn
60%
2002 1 Diamond Dallas Page
55%
2001 1 Bradshaw
52%
1999 1 Mideon
52%
2001 1 Hurricane
42%
No matching quizzes found
Score Distribution
Percent of People with Each Score
Percentile by Number Answered
Your Score History
You have not taken this quiz